Desarrollo de un sistema integrado de gestión en salud, ambiente y calidad (SIGSAC) Laboratorio Clínico de la Universidad de Costa Rica
Saved in:
| Main Author: | |
|---|---|
| Other Authors: | |
| Format: | Book |
| Published: |
2006
[San José, Costa Rica]
|
| Subjects: | |
| Tags: |
Add Tag
No Tags, Be the first to tag this record!
|
MARC
| LEADER | 00000nam a2200000Ia 4500 | ||
|---|---|---|---|
| 003 | 009774 | ||
| 005 | 20221231144119.0 | ||
| 008 | 140114s200 cr a m 000 ||s d | ||
| 040 | |c cru CEDI | ||
| 090 | |a TFG 5302 | ||
| 100 | |a Campos Chacón, David |9 5430 | ||
| 245 | |a Desarrollo de un sistema integrado de gestión en salud, ambiente y calidad (SIGSAC) Laboratorio Clínico de la Universidad de Costa Rica | ||
| 260 | |c [San José, Costa Rica] |b 2006 | ||
| 300 | |a 2 volúmenes : ilustraciones a color | ||
| 500 | |a Proyecto de graduación (licenciatura en ingeniería industrial)--Universidad de Costa Rica. Facultad de Ingeniería. Escuela de Ingeniería Industrial | ||
| 650 | |x ADMINISTRACION |x GESTION AMBIENTAL |x SEGURIDAD OCUPACIONAL |x LABORATORIOS CLINICOS |x CONTROL DE PROCESOS |9 5432 | ||
| 700 | |9 5431 |a Rodríguez González, Carlos | ||
| 942 | |c TFG | ||
| 999 | |c 17090 |d 17090 | ||
